| 000 | 00453nam a2200121Ia 4500 | ||
|---|---|---|---|
| 008 | 171212s9999 xx 000 0 und d | ||
| 100 | _aMayer, Vicki | ||
| 245 |
_cMayer, Vicki _aAlmost Hollywood, Nearly New Orleans _bThe Lure of the Local Film Economy |
||
| 260 |
_bUniversity of California Press _c2017 |
||
| 650 | _aFilm Studies | ||
| 650 | _aMotion picture industry -- Louisiana -- New Orleans | ||
| 856 | _uhttp://jstor.org/stable/10.1525/j.ctt1pq344w | ||
| 999 |
_c352962 _d352962 |
||